| 000 | 00515nam a2200181Ia 4500 | ||
|---|---|---|---|
| 003 | OSt | ||
| 005 | 20230516104241.0 | ||
| 008 | 210423s1990 xx 000 0 und d | ||
| 040 | _cAL | ||
| 041 | _aeng | ||
| 082 |
_a370 _223 _bKAUE |
||
| 100 |
_aKAUR (Kuldip). _9104779 |
||
| 245 | _aEducation in india:policies planning and implementation. | ||
| 260 |
_aNew Delhi _bOxford University Press _c1990 |
||
| 365 |
_b280 _cINR |
||
| 906 | _aEducation ; implementation. ; india:policies ; planning | ||
| 942 |
_2ddc _cBK |
||
| 999 |
_c172140 _d172140 |
||